Normal view
MARC view
- Zaidi, NC Ali Abbas (TCC-13)
Entry Personal Name
001 - CONTROL NUMBER
- control field: 131939
003 - CONTROL NUMBER IDENTIFIER
- control field: NUST
005 - DATE AND TIME OF LATEST TRANSACTION
- control field: 20251118181635.0
008 - FIXED-LENGTH DATA ELEMENTS
- fixed length control field: 251118|| aca||aabn | a|a d
040 ## - CATALOGING SOURCE
- Original cataloging agency: NUST
- Transcribing agency: NUST
100 ## - HEADING--PERSONAL NAME
- Personal name: Zaidi, NC Ali Abbas (TCC-13)
670 ## - SOURCE DATA FOUND
- Source citation: Work cat.: (NUST)183352: Zaidi, NC Ali Abbas (TCC-13), OFDM MODEM (real time implementation of OFDM modem) /, 2005
